000 00664nam a2200205 a 4500
005 20140412111306.0
008 010425s19uu xx 00 eng d
020 _a0-688-11660-4
050 _aTR(PS E
_bSk2 1992
100 _aAhlberg, Allan
245 _aSkeleton crew /
_cby Allan Ahlberg; pictures by Andre Amstutz.
260 _aNew York :
_bMulberry Books,
_c1992.
300 _a1v. (unp.) ; ill.
520 _aThree skeletons have a good time on their sailing vacation, until their boat is boarded by pirates.
650 _aSkeletons-Fiction
650 _aSea stories
650 _aVacations-Fiction
650 _aHumurous stories
999 _c103668
_d103668